| 000 | 00549nam a2200157 4500 | ||
|---|---|---|---|
| 001 | 5955 | ||
| 005 | 20181127180625.0 | ||
| 090 | 0 | 0 | _aBUSINESS. No.8 |
| 245 | 0 | 0 |
_aHow to improve efficiency in settling the bills : _ba case of BAFRA / _cStudent Work. _h |
| 260 | 0 | 0 |
_a[Thimphu] : _b[Royal Thimphu College], _c2016. |
| 300 |
_a60 pages. _b _c _e |
||
| 500 | _aStudent research project for Business: 2016: Ms.Karma Lhaden, lecturer. | ||
| 500 | 0 | 0 | _aSpiral-bound xerographic copy. |
| 650 |
_aBafra -- Bhutan. _v _x _y _z _2 |
||
| 650 |
_aBusiness Project. _v _x _y _z _2 |
||
| 999 |
_c5029 _d5029 |
||